PRZEDMIOT SZKOLNY MAŁO PRZYDAJĄCY SIĘ W ŻYCIU - Statystyki

Ogólne statystyki
  • Ten quiz został rozwiązany 503 razy
  • Średni wynik to 7 z 9
Statystyki odpowiedzi
Hint Odpowiedź % Poprawnych
7. WF
85%
2. Chemia
81%
3. Fizyka
80%
5. Plastyka
74%
6. Biologia
73%
8. PO | Przysposobienie Obronne
73%
4. Muzyka
70%
1. Religia
68%
9. WDŻ | Wychowanie do życia w Rodzinie
60%
Nie znaleziono quizów pasujących do podanych kryteriów
Rozkład punktacji
Procent ludzi z każdym wynikiem
Percentyl według liczby udzielonych odpowiedzi
Twoja historia wyników
Nie rozwiązałeś tego quizu